| 000 | 01234nam0a22003131 4500 | ||
|---|---|---|---|
| 001 | RU\INGAK2\INFOCOMM_327\NLR\5000016700 | ||
| 005 | 20250625202402.0 | ||
| 035 | _a(NLR Aleph) 011023567 | ||
| 090 |
_a11079099 _c11079099 |
||
| 100 | _a20121217d1990 |||y0rusy50 ca | ||
| 101 | 1 | _aspa | |
| 102 | _aRU | ||
| 105 | _ay z|||| | ||
| 200 | 1 |
_aLa armada soviética en la guerra (1941-1945) _fN. Kuznetsov _g[Trad. del ruso por Castul Pérez] |
|
| 205 | _a2-da ed. | ||
| 210 |
_aM. _cProgreso _d1990 |
||
| 215 |
_a334 с., [5] л. ил., портр. _d21 см |
||
| 225 | 1 | _aMemorias de la guerra | |
| 300 | _aВ вып. дан.: Советский флот в войне (1941-1945 гг.)/ Кузнецов Николай Герасимович. - ISBN 5-01-002589-2, 4080 экз. | ||
| 517 | 1 |
_aСоветский флот в войне (1941-1945 гг.) _zrus |
|
| 606 | 0 |
_aВеликая Отечественная война _xМорские операции _z1941-1945 _2nlr_sh1 |
|
| 620 | _aМосква | ||
| 686 |
_aЦ35(2)722-66 _2rubbk |
||
| 700 | 1 |
_aKuznecov _bN. G. _f1902-1974 _gNikolaj Gerasimovič |
|
| 801 | 1 |
_aRU _bInfoComm _c20121217 |
|
| 801 | 0 |
_aRU _bNLR _gPSBO |
|
| 852 |
_aNLR _jВII Д-3/220 |
||
| 942 | _cBOOK | ||
| 980 | _aNB | ||